Cheval - Mort subite - Statistiques

Statistiques générales
  • Ce quiz a été pris 389 fois
  • Le résultat moyen est 6 sur 14
Answers on the Grid
Answers color-coded by a green-red scale on the quiz's grid according to % correct below.
Canasson
Bidet
Carne
Destrier
Coursier
Palefroi
Jument
Poulain
Poney
Étalon
Hongre
Dada
Mustang
Pouliche
Poulie
Bourrique
Chevalet
Bourricot
Palefrenier
Âne
Onagre
Baudet
Mulet
Mule
 
Statistiques - réponses
Réponse % Correct
Jument
59%
Poulain
59%
Étalon
58%
Mustang
54%
Pouliche
54%
Poney
51%
Canasson
50%
Hongre
47%
Dada
43%
Destrier
42%
Coursier
17%
Palefroi
17%
Bidet
15%
Carne
15%
Aucun quiz correspondant
Distribution des résultats
% des personnes avec chaque résultat
Percentile par nombre de réponses
Votre historique - résultats
Vous n’avez pas pris ce quiz